[Event "Karpos Open 2013"]
[Site "Skopje MKD"]
[Date "2013.03.12"]
[Round "5.68"]
[White "Batkoski, Nenad"]
[Black "Jovanovic, Bojan P"]
[Result "0-1"]
[WhiteElo "1901"]
[BlackElo "2198"]
[WhiteFideId "15002780"]
[BlackFideId "900710"]
[EventDate "2013.03.09"]

1. e4 g6 2. f4 d5 3. exd5 Nf6 4. c4 c6 5. dxc6 Nxc6 6. Nf3 Nd4 7. h3 Nh5 8. d3
Bh6 9. Be3 Nf5 10. Bf2 Nhg3 11. Nc3 Bxf4 12. Rg1 Ne3 13. Bxe3 Bxe3 14. Ne2 Qa5+
15. Nc3 Qb6 16. Nd5 Bf2+ 17. Kd2 Qxb2+ 18. Qc2 Qxa1 19. Be2 Bxg1 20. Nc7+ Kf8
21. Bd1 Nf1+ 22. Ke2 Ne3 23. Qb3 Qxd1+ 24. Qxd1 Nxd1 25. Nxg1 Nc3+ 26. Kd2 Nb1+
27. Kc2 Rb8 28. Kxb1 Bf5 29. Kc2 Rc8 30. Nb5 Rxc4+ 31. Kd2 Ra4 32. Nc3 Rd4 33.
Nge2 Rxd3+ 0-1

[Event "Karpos Open 2013"]
[Site "Skopje MKD"]
[Date "2013.03.12"]
[Round "5.69"]
[White "Nikolovska, Dragana"]
[Black "Ozkan, Ervin"]
[Result "1/2-1/2"]
[WhiteElo "1821"]
[BlackElo "2184"]
[WhiteFideId "15000133"]
[BlackFideId "6306004"]
[EventDate "2013.03.09"]

1. e4 e6 2. d4 d5 3. e5 c5 4. c3 Qb6 5. Nf3 Bd7 6. Bd3 cxd4 7. cxd4 Bb5 8. O-O
Bxd3 9. Qxd3 Nc6 10. Nc3 Nge7 11. Rd1 Rc8 12. Bf4 Ng6 13. Bg3 Be7 14. h4 h5 15.
Ne2 Qd8 16. Nf4 Nxf4 17. Bxf4 Bxh4 18. Qe3 Be7 19. Ng5 h4 20. Nh3 Na5 21. Qf3
Rc4 22. Qg4 g6 23. Bg5 Nc6 24. Bxe7 Nxe7 25. b3 Rc2 26. Rdc1 Rc7 27. Ng5 Nf5 28.
Qf4 Kf8 29. Rxc7 Qxc7 30. Rc1 Qd8 31. Nh3 Rh5 32. Rc5 Kg7 33. Qd2 Rh8 34. Qc3
Re8 35. f4 Ng3 36. Qf3 Ne4 37. Rc1 Qb6 38. Qd1 Re7 39. Ng5 Ng3 40. Kh2 Nf5 41.
Nf3 Rc7 42. Rxc7 Qxc7 43. Qe1 Qc2 44. Nxh4 Nxd4 45. Qg3 Nf5 46. Qg5 Qc8 47.
Nxf5+ exf5 48. Qf6+ Kg8 49. Qd6 Qc6 50. Qb8+ Kg7 51. Qxa7 b6 52. Qe7 Qe6 53. Qd8
Qc6 54. Qe7 Kg8 55. Qd8+ Kh7 56. Qh4+ Kg7 57. Qd8 b5 58. b4 Kh7 59. Qh4+ Kg8 60.
Qd8+ Kg7 61. a3 Kh7 62. Qe7 Kg8 63. Qd8+ Kg7 64. Qe7 Qc8 65. Qf6+ Kg8 66. Qd6
Qc1 67. Qd8+ Kh7 68. Qh4+ Kg7 69. Qf6+ 1/2-1/2

[Event "Karpos Open 2013"]
[Site "Skopje MKD"]
[Date "2013.03.12"]
[Round "5.70"]
[White "Cherednichenko, Elena"]
[Black "Vukelic, Zvonimir"]
[Result "1-0"]
[WhiteTitle "WFM"]
[WhiteElo "2175"]
[BlackElo "1920"]
[WhiteFideId "14105560"]
[BlackFideId "15001512"]
[EventDate "2013.03.09"]

1. d4 d5 2. Nf3 Nf6 3. e3 e6 4. Bd3 g6 5. O-O Bg7 6. b3 O-O 7. Bb2 c6 8. Nbd2 b6
9. c4 Ne8 10. Rc1 Ba6 11. Re1 Nd6 12. Ba3 Re8 13. Qc2 dxc4 14. Nxc4 Nxc4 15.
Bxc4 Bxc4 16. Qxc4 Qd5 17. Qc2 Rc8 18. e4 Qd7 19. Red1 Na6 20. Qc4 b5 21. Qe2
Qb7 22. Bd6 Nc7 23. Qd2 Ne8 24. Bc5 Nf6 25. Qf4 a5 26. Bd6 a4 27. b4 Ne8 28. Bc5
f6 29. Rc3 Qd7 30. e5 f5 31. Qh4 h6 32. Rdc1 1-0

[Event "Karpos Open 2013"]
[Site "Skopje MKD"]
[Date "2013.03.12"]
[Round "5.71"]
[White "Cvetkovski, Slobodan"]
[Black "Mitkovski, Zarko"]
[Result "0-1"]
[WhiteElo "1890"]
[BlackElo "2170"]
[WhiteFideId "15001202"]
[BlackFideId "15000150"]
[EventDate "2013.03.09"]

1. e4 c5 2. Nf3 g6 3. d4 cxd4 4. Nxd4 Bg7 5. Be3 Nf6 6. Nc3 O-O 7. Bc4 Nc6 8. f3
Qb6 9. Qd2 Nxe4 10. fxe4 Bxd4 11. Bxd4 Qxd4 12. Qxd4 Nxd4 13. O-O-O Nc6 14. Nd5
Kg7 15. Bb5 e6 16. Nc3 Ne5 17. h3 a6 18. Be2 b5 19. Rd4 Bb7 20. Rf1 Bc6 21. a4
Rfb8 22. b3 b4 23. Nd1 a5 24. Ne3 Ra7 25. g3 h5 26. Kb2 f6 27. h4 Kf7 28. Kb1
Ke7 29. Kb2 Rb6 30. Rfd1 Rc7 31. Ng2 Bb7 32. Nf4 Rbc6 33. R1d2 Rc3 34. Nd3 Nxd3+
35. Bxd3 e5 36. Rc4 R7xc4 37. bxc4 Bc6 38. Rg2 f5 0-1

[Event "Karpos Open 2013"]
[Site "Skopje MKD"]
[Date "2013.03.12"]
[Round "5.73"]
[White "Tairi, Krenar"]
[Black "Stamnov, Aleksander"]
[Result "0-1"]
[BlackTitle "FM"]
[WhiteElo "1835"]
[BlackElo "2156"]
[WhiteFideId "15001679"]
[BlackFideId "15000664"]
[EventDate "2013.03.09"]

1. d4 d5 2. c4 c6 3. Nc3 Nf6 4. cxd5 cxd5 5. Nf3 Nc6 6. Bf4 a6 7. e3 Bg4 8. Be2
e6 9. h3 Bxf3 10. Bxf3 Bb4 11. O-O Bxc3 12. bxc3 O-O 13. Bg5 Rc8 14. e4 dxe4 15.
Bxe4 h6 16. Bxf6 Qxf6 17. Bxc6 Rxc6 18. Qb3 Rc7 19. Rac1 Rfc8 20. Rfd1 Rd8 21.
Rd3 Qg5 22. Rcd1 Qd5 23. Re3 Rdc8 24. Rc1 b5 25. Kf1 Rc4 26. Rd1 Qc6 27. Rdd3
Qd6 28. Kg1 b4 29. Rg3 bxc3 30. Rxc3 Qxd4 31. Rxc4 Rxc4 32. Qb8+ Kh7 33. Qf8
Rc1+ 34. Kh2 Qa1 35. Rf3 Rh1+ 36. Kg3 Qe5+ 37. Rf4 f5 38. Qb4 Rd1 39. h4 a5 40.
Qb6 g5 41. Qb7+ Kg6 0-1

[Event "Karpos Open 2013"]
[Site "Skopje MKD"]
[Date "2013.03.12"]
[Round "5.76"]
[White "Stanojoski, Zvonko"]
[Black "Gonzalez Espana, Maria Gabriela"]
[Result "1-0"]
[WhiteTitle "GM"]
[WhiteElo "2413"]
[BlackElo "1958"]
[WhiteFideId "15000257"]
[BlackFideId "22273417"]
[EventDate "2013.03.09"]

1. e4 c5 2. Nf3 Nc6 3. d4 cxd4 4. Nxd4 g6 5. Nc3 Bg7 6. Be3 Nf6 7. Bc4 O-O 8.
Bb3 a5 9. f3 d5 10. Bxd5 Nxd5 11. Nxd5 f5 12. Nxc6 bxc6 13. Nb6 Rb8 14. Qxd8
Rxd8 15. Rd1 Rxd1+ 16. Kxd1 fxe4 17. Nxc8 Rxc8 18. b3 exf3 19. gxf3 a4 20. Bc5
Ra8 21. b4 Rd8+ 22. Ke2 Be5 23. h3 Kf7 24. Rd1 Rxd1 25. Kxd1 Bd6 26. Bxd6 exd6
27. Kc1 Ke6 28. Kb2 Kf5 29. Ka3 Kf4 30. Kxa4 Kxf3 31. b5 cxb5+ 32. Kxb5 g5 33.
a4 h5 34. a5 1-0

[Event "Karpos Open 2013"]
[Site "Skopje MKD"]
[Date "2013.03.12"]
[Round "5.77"]
[White "Milanovic, Maja"]
[Black "Dancevski, Orce"]
[Result "0-1"]
[BlackTitle "IM"]
[WhiteElo "1952"]
[BlackElo "2395"]
[WhiteFideId "15000176"]
[BlackFideId "15000311"]
[EventDate "2013.03.09"]

1. e4 c5 2. Nf3 d6 3. d4 cxd4 4. Nxd4 Nf6 5. Nc3 Nc6 6. Bc4 Bd7 7. Bb3 g6 8. f3
Nxd4 9. Qxd4 Bg7 10. Be3 O-O 11. Qd2 a5 12. a4 Bc6 13. O-O Nd7 14. Rfd1 Qc7 15.
Bd4 Nc5 16. Bd5 Ne6 17. Bxe6 fxe6 18. Bxg7 Kxg7 19. b3 Qb6+ 20. Qd4+ Qxd4+ 21.
Rxd4 Rfc8 22. Rd2 Kf6 23. Re1 e5 24. Re3 Rab8 25. Nd5+ Bxd5 26. exd5 b5 27. axb5
Rxb5 28. c4 Rb4 29. Ra2 Rc5 30. Ra3 h5 31. Re2 a4 32. Rxa4 Rxb3 33. Kf2 Rc7 34.
h4 Rc3 35. Re4 Rc2+ 36. Kg3 Rb7 37. f4 Kf5 38. c5 Rxc5 39. fxe5 dxe5 40. Re3
Rxd5 41. Ra6 Rb4 42. Rf3+ Rf4 43. Ra7 Rxf3+ 44. gxf3 Kf6 45. Ra6+ Rd6 46. Ra8
Rd4 47. Ra6+ e6 48. Ra8 e4 49. Rf8+ Ke7 50. Rf4 e5 0-1

[Event "Karpos Open 2013"]
[Site "Skopje MKD"]
[Date "2013.03.12"]
[Round "5.79"]
[White "Stefanov, Emil"]
[Black "Alishani, Ibrahim"]
[Result "1-0"]
[WhiteElo "1893"]
[BlackElo "2167"]
[WhiteFideId "2914794"]
[BlackFideId "939609"]
[EventDate "2013.03.09"]

1. d4 Nf6 2. c4 g6 3. f3 d5 4. cxd5 Qxd5 5. e4 Qa5+ 6. Nc3 Bd7 7. Be3 Bg7 8. Qd2
Bc6 9. d5 Bd7 10. e5 Ng8 11. f4 Nh6 12. Nf3 O-O 13. Be2 c6 14. O-O Na6 15. h3
Nc7 16. b4 Qxb4 17. Rab1 Qa5 18. Rxb7 Bc8 19. dxc6 Bxb7 20. cxb7 Rad8 21. Qb2
Nf5 22. Bf2 e6 23. g4 Ne7 24. Nd4 Na6 25. Ne4 Nb8 26. g5 Nd5 27. Be1 Qc7 28. Nd6
Rxd6 29. exd6 Qxd6 30. Qd2 Nxf4 31. Rxf4 e5 32. Nf5 Qxd2 33. Ne7+ Kh8 34. Bxd2
exf4 35. Bxf4 Re8 36. Bf3 Rxe7 37. Bxb8 Bd4+ 38. Kg2 Kg7 39. Bd6 1-0

[Event "Karpos Open 2013"]
[Site "Skopje MKD"]
[Date "2013.03.12"]
[Round "5.80"]
[White "Vidic, Miha"]
[Black "Lazov, Toni"]
[Result "1-0"]
[WhiteElo "2096"]
[BlackElo "1927"]
[WhiteFideId "14605775"]
[BlackFideId "15000770"]
[EventDate "2013.03.09"]

1. d4 Nf6 2. Nf3 g6 3. c4 Bg7 4. Nc3 d5 5. Bf4 O-O 6. e3 c5 7. dxc5 Qa5 8. Rc1
dxc4 9. Bxc4 Nc6 10. O-O Qxc5 11. Bb3 Qh5 12. h3 h6 13. Bg3 g5 14. Ne5 Nxe5 15.
Bxe5 g4 16. Bxf6 exf6 17. Nd5 f5 18. Rc7 Qg5 19. Ne7+ Kh8 20. hxg4 fxg4 21. Qc2
Be5 22. Rxc8 Raxc8 23. Nxc8 g3 24. Nxa7 Qh5 25. fxg3 Bxg3 26. Rf5 Qh2+ 27. Kf1
Qh1+ 28. Ke2 Qxg2+ 29. Kd3 Qh1 30. Bd5 Qh4 31. Qc4 Qd8 32. Nb5 Qb6 1-0

[Event "Karpos Open 2013"]
[Site "Skopje MKD"]
[Date "2013.03.12"]
[Round "5.81"]
[White "Spirliadis, Achileas"]
[Black "Menzi, Nezihe Ezgi"]
[Result "1/2-1/2"]
[WhiteElo "2076"]
[BlackElo "1889"]
[WhiteFideId "4215770"]
[BlackFideId "6310060"]
[EventDate "2013.03.09"]

1. e4 c5 2. c3 d5 3. exd5 Qxd5 4. d4 Nf6 5. Nf3 Bg4 6. Nbd2 e6 7. Bc4 Qd7 8. Qb3
Nc6 9. Ne5 Qc7 10. Nxg4 Nxg4 11. Nf3 Bd6 12. h3 Nf6 13. dxc5 Bxc5 14. O-O O-O
15. Qc2 a6 16. Bg5 Ne5 17. Be2 Nd5 18. Rad1 b5 19. Qe4 Nxf3+ 20. Bxf3 Rac8 21.
Qh4 h6 22. Bc1 Ne7 23. Be4 Nf5 24. Bxf5 exf5 25. Rd5 Be7 26. Qf4 Qxf4 27. Bxf4
Rc5 28. Rd7 Bg5 29. Bxg5 hxg5 30. Re1 a5 31. Ree7 b4 32. cxb4 axb4 33. Rb7 Rc4
34. b3 Rd4 35. Ra7 g4 36. hxg4 fxg4 37. g3 g6 38. Kf1 Rdd8 39. Re4 Ra8 40. Rxa8
Rxa8 41. Rxb4 Rxa2 42. Rxg4 Kf8 43. Re4 Rb2 44. Re3 f5 45. Kg2 Kf7 46. Kf3 Kf6
47. Rc3 g5 48. Ke3 f4+ 49. gxf4 gxf4+ 50. Kxf4 Rxf2+ 51. Kg3 Rb2 52. Re3 Kf5 53.
Kf3 Rh2 54. Rd3 Ke5 55. Ke3 Rh3+ 56. Kd2 Rxd3+ 57. Kxd3 Kd5 1/2-1/2

[Event "Karpos Open 2013"]
[Site "Skopje MKD"]
[Date "2013.03.12"]
[Round "5.82"]
[White "Antoniadou, Paraskevi"]
[Black "Ilic, Slobodan R"]
[Result "0-1"]
[WhiteElo "1732"]
[BlackElo "2052"]
[WhiteFideId "4220676"]
[BlackFideId "941832"]
[EventDate "2013.03.09"]

1. e4 c5 2. Nc3 Nc6 3. d3 e6 4. g3 g6 5. Bg2 Bg7 6. Be3 Nd4 7. Qd2 Rb8 8. Nd1 b6
9. c3 Nc6 10. d4 d6 11. f4 Nge7 12. Nf3 O-O 13. O-O Ba6 14. Re1 cxd4 15. Nxd4
Nxd4 16. Bxd4 e5 17. Be3 Qc7 18. Nf2 Rfd8 19. Nh3 f6 20. Qf2 Rd7 21. g4 Rf8 22.
Qg3 Bc4 23. Nf2 Bf7 24. h4 d5 25. Rad1 Rfd8 26. fxe5 fxe5 27. g5 dxe4 28. Rxd7
Rxd7 29. Bxe4 Nf5 30. Qh3 Nxe3 31. Rxe3 Rd2 32. Ng4 Rxb2 33. h5 Qc5 34. hxg6
hxg6 35. Nf6+ Bxf6 36. gxf6 Re2 0-1

[Event "Karpos Open 2013"]
[Site "Skopje MKD"]
[Date "2013.03.12"]
[Round "5.83"]
[White "Bozinovic, Boban"]
[Black "Konstantinov, Aleksandar2"]
[Result "0-1"]
[WhiteTitle "CM"]
[WhiteElo "2051"]
[BlackElo "1796"]
[WhiteFideId "929697"]
[BlackFideId "15000060"]
[EventDate "2013.03.09"]

1. e4 e6 2. Qe2 Ne7 3. g3 d5 4. d3 c5 5. Bg2 Nbc6 6. Nf3 Bd7 7. O-O d4 8. e5 Nd5
9. Re1 Be7 10. Nbd2 Qc7 11. Ne4 h6 12. c4 dxc3 13. Nxc3 Nb6 14. Nb5 Qb8 15. d4
Nd5 16. dxc5 Bxc5 17. Bd2 a6 18. Nc3 Ncb4 19. Nxd5 Nxd5 20. Rac1 Qa7 21. Bc3 Bb5
22. Qc2 O-O 23. Bf1 Bc6 24. Bg2 Rac8 25. Red1 Bb5 26. Nd4 Nxc3 27. bxc3 Bc4 28.
Nb3 Ba3 29. Rb1 b5 30. Qd2 Qc7 31. Nd4 Qxe5 32. Re1 Qc5 33. Re4 Qg5 34. f4 Qc5
35. Re5 Qd6 36. Qe3 Bc5 37. Rb2 b4 38. Rxc5 Qxc5 39. cxb4 Qd6 40. Kf2 Rfd8 41.
Nf3 Rb8 42. a3 Qd3 43. Ne5 Qxe3+ 44. Kxe3 Bb5 45. Rc2 f6 46. Nc6 Rd3+ 47. Kf2
Bxc6 48. Rxc6 Rxa3 49. Rxe6 Rxb4 50. Re8+ Kf7 51. Re2 a5 52. f5 a4 53. Bf3 Kf8
54. Bd5 Rc3 55. Kg2 a3 56. Kh3 Rb2 57. Re6 Rc5 58. Bc6 Rxf5 59. Re8+ Kf7 60. Ra8
a2 61. Ra7+ Kf8 62. Kg4 Rf1 63. Ra8+ Ke7 0-1

[Event "Karpos Open 2013"]
[Site "Skopje MKD"]
[Date "2013.03.12"]
[Round "5.84"]
[White "Zhezhov, Emil"]
[Black "Zemlicka, Vit"]
[Result "0-1"]
[WhiteElo "1769"]
[BlackElo "2043"]
[WhiteFideId "15001318"]
[BlackFideId "303143"]
[EventDate "2013.03.09"]

1. Nf3 Nf6 2. b3 d5 3. Bb2 c5 4. g3 Nc6 5. Bg2 e6 6. d3 Bd6 7. Nbd2 O-O 8. O-O
Nd7 9. a3 Qc7 10. c4 a5 11. Qc2 d4 12. e4 e5 13. Rae1 Re8 14. Kh1 Nf8 15. Ng1
Ne6 16. Bc1 g6 17. Ndf3 Bf8 18. Nh3 f6 19. Nfg1 g5 20. f3 h5 21. Nf2 Bh6 22. Qd1
Qg7 23. Ne2 Nf8 24. Rg1 Ng6 25. Ref1 Bd7 26. Bd2 Kh7 27. Qc1 Rg8 28. Nd1 h4 29.
Rf2 Rh8 30. Bf1 Kg8 31. gxh4 Nxh4 32. f4 exf4 33. Nxf4 Rf8 34. Be2 Ne5 35. Nb2
Qe7 36. Nd5 Qd6 37. Rg3 Bg7 38. Qg1 b6 39. b4 axb4 40. axb4 Ra8 41. bxc5 bxc5
42. Nxf6+ Bxf6 43. Bxg5 Bxg5 44. Rxg5+ Neg6 0-1

[Event "Karpos Open 2013"]
[Site "Skopje MKD"]
[Date "2013.03.12"]
[Round "5.85"]
[White "Markovski, Velo"]
[Black "Tevdovski, Zoran"]
[Result "1-0"]
[WhiteElo "2042"]
[BlackElo "1720"]
[WhiteFideId "15002233"]
[BlackFideId "15003809"]
[EventDate "2013.03.09"]

1. e4 e6 2. c4 b6 3. d4 Bb7 4. Bd3 Bb4+ 5. Bd2 Nc6 6. Qg4 Bxd2+ 7. Nxd2 Nxd4 8.
e5 g6 9. Qxd4 Bxg2 10. Be4 Bxh1 11. Bxh1 Rb8 12. Ne4 Qe7 13. O-O-O Rd8 14. Ne2
Kf8 15. Nf6 Nh6 16. Ng3 Kg7 17. Rg1 Rhf8 18. Qf4 Nf5 19. Nxf5+ exf5 20. Qxf5 Qe6
21. Qf4 d6 22. Ng4 dxe5 23. Nxe5 Qf6 24. Qg3 Rd4 25. Bd5 Qf4+ 26. Qxf4 Rxf4 27.
f3 h5 28. Kd2 c5 29. Nc6 a5 30. Re1 Rh4 31. Re2 Kf6 32. Ne5 Rd8 33. Kc3 Kf5 34.
Nxf7 Rd7 35. Ne5 1-0

[Event "Karpos Open 2013"]
[Site "Skopje MKD"]
[Date "2013.03.12"]
[Round "5.91"]
[White "Sorgic, Dragan"]
[Black "Karatrajkov, Nikola"]
[Result "1-0"]
[WhiteTitle "FM"]
[WhiteElo "2232"]
[BlackElo "1777"]
[WhiteFideId "909360"]
[BlackFideId "15002950"]
[EventDate "2013.03.09"]

1. e4 c5 2. Nf3 Nc6 3. d4 cxd4 4. Nxd4 d6 5. Nc3 Nf6 6. f3 g6 7. Be3 Bg7 8. Qd2
a6 9. O-O-O Bd7 10. Kb1 Qc7 11. g4 Ne5 12. g5 Nh5 13. Nd5 Qd8 14. f4 Nc6 15.
Nxc6 bxc6 16. Bb6 Qc8 17. Nc7+ Kf8 18. Nxa8 Qxa8 19. Be2 Qb7 20. Bd4 c5 21.
Bxg7+ Nxg7 22. Qa5 Ne6 23. f5 Nd4 24. Qd8+ Be8 25. Bd3 Nc6 26. Bxa6 Nxd8 27.
Bxb7 Nxb7 28. Rhf1 Bc6 29. Rde1 Bb5 30. Rf3 gxf5 31. exf5 Bc6 32. Ra3 Ke8 33.
Ra8+ Nd8 34. Ra7 Bb7 35. a4 h6 36. g6 fxg6 37. fxg6 Rg8 38. a5 Rg7 39. a6 Bd5
40. Rd1 Be6 41. Rc7 Bg4 42. Rxd6 exd6 43. Rxg7 Kf8 44. a7 Bf3 45. Rd7 Ne6 46.
Rf7+ 1-0

[Event "Karpos Open 2013"]
[Site "Skopje MKD"]
[Date "2013.03.12"]
[Round "5.92"]
[White "Nikolov, Kole"]
[Black "Stosevski, Ilija"]
[Result "0-1"]
[WhiteElo "1711"]
[BlackElo "2136"]
[WhiteFideId "15002764"]
[BlackFideId "15000761"]
[EventDate "2013.03.09"]

1. e4 g6 2. Bc4 d6 3. Nc3 Bg7 4. Nge2 Nf6 5. O-O O-O 6. a3 Nxe4 7. Bxf7+ Rxf7 8.
Nxe4 e5 9. d3 h6 10. N2g3 d5 11. Nc3 c6 12. f4 exf4 13. Rxf4 Rxf4 14. Bxf4 Qb6+
15. Kh1 Qxb2 16. Qe1 Qxc3 17. Qe8+ Kh7 18. Rf1 Nd7 19. h4 Nb6 20. h5 Bf5 21. Qe7
Qf6 22. Qxb7 Kh8 23. c3 Qh4+ 24. Kg1 Bxd3 0-1

[Event "Karpos Open 2013"]
[Site "Skopje MKD"]
[Date "2013.03.12"]
[Round "5.93"]
[White "Gjeorgjievski, Done"]
[Black "Krstev, Emil"]
[Result "0-1"]
[WhiteElo "1779"]
[BlackElo "2126"]
[WhiteFideId "15002748"]
[BlackFideId "15000958"]
[EventDate "2013.03.09"]

1. e4 e6 2. d4 d5 3. Nd2 Ne7 4. Bd3 g6 5. Ngf3 Bg7 6. c3 Nd7 7. Nb3 b6 8. Bg5 h6
9. Be3 a5 10. a4 Bb7 11. e5 Ba6 12. Nc1 c5 13. Ne2 Bxd3 14. Qxd3 Rc8 15. Ng3 Nc6
16. Bd2 Qe7 17. O-O O-O 18. Rac1 Rb8 19. Ne1 c4 20. Qe2 b5 21. f4 bxa4 22. f5
exf5 23. Nc2 Rxb2 24. Ne3 Qe6 25. Rf3 Rfb8 26. Rcf1 Ne7 27. h4 a3 28. h5 a2 29.
Kh2 Rb1 30. R1f2 a1=Q 31. hxg6 fxg6 0-1

[Event "Karpos Open 2013"]
[Site "Skopje MKD"]
[Date "2013.03.12"]
[Round "5.96"]
[White "Peev, Kosta"]
[Black "Stojanovski, Stefan"]
[Result "1-0"]
[WhiteElo "1648"]
[BlackElo "1989"]
[WhiteFideId "15001660"]
[BlackFideId "15002446"]
[EventDate "2013.03.09"]

1. d4 Nf6 2. Nf3 c5 3. e3 g6 4. b3 Bg7 5. Bb2 O-O 6. Bd3 d6 7. Nbd2 Nc6 8. a3
Re8 9. O-O Qc7 10. dxc5 dxc5 11. Qe2 e5 12. e4 Bg4 13. h3 Bd7 14. Bc4 h6 15. c3
Nh5 16. b4 Qc8 17. Rfd1 a6 18. Nb3 Nf4 19. Qe3 cxb4 20. cxb4 Be6 21. Bxe6 Nxe6
22. Rd5 Qc7 23. Rc1 Nf4 24. Na5 Rad8 25. Nxc6 bxc6 26. Rdc5 Re6 27. Bxe5 Bxe5
28. Nxe5 g5 29. Nxc6 Nd3 30. Nxd8 Nxc5 31. Nxe6 1-0

[Event "Karpos Open 2013"]
[Site "Skopje MKD"]
[Date "2013.03.12"]
[Round "5.98"]
[White "Ajrula, Adnan"]
[Black "Silivri, Volkan Resat"]
[Result "0-1"]
[WhiteElo "1917"]
[BlackElo "1674"]
[WhiteFideId "15002713"]
[BlackFideId "6331521"]
[EventDate "2013.03.09"]

1. d4 d5 2. c4 e5 3. dxe5 d4 4. Nf3 Nc6 5. e3 Bb4+ 6. Bd2 dxe3 7. fxe3 Bf5 8. a3
Bxd2+ 9. Nbxd2 Qe7 10. Qa4 Nh6 11. Nd4 Bd7 12. Qb3 O-O 13. O-O-O Ng4 14. Re1
Ngxe5 15. Be2 Qg5 16. Bf3 Nxf3 17. gxf3 Nxd4 18. exd4 Rfe8 19. Qd1 Bf5 20. d5
Qf4 21. Rxe8+ Rxe8 22. Re1 Re3 23. Rg1 g5 24. Re1 f6 25. b3 Rc3+ 26. Kb2 Qd4 27.
Re4 Bxe4 28. fxe4 Rd3+ 29. Kc1 Qa1+ 30. Kc2 Rc3# 0-1

[Event "Karpos Open 2013"]
[Site "Skopje MKD"]
[Date "2013.03.12"]
[Round "5.101"]
[White "Georgieva, Emilia"]
[Black "Onal, Ozan"]
[Result "1-0"]
[WhiteElo "1904"]
[BlackElo "1461"]
[WhiteFideId "2902451"]
[BlackFideId "6356362"]
[EventDate "2013.03.09"]

1. e4 c5 2. Nf3 d6 3. d3 Nc6 4. b3 Nf6 5. Bb2 g6 6. Nbd2 Bg7 7. c3 O-O 8. g3 Bd7
9. Bg2 Rb8 10. O-O b5 11. Qc2 Qc8 12. Ng5 h6 13. Ngf3 Bh3 14. Rae1 e5 15. Kh1
Bxg2+ 16. Kxg2 b4 17. c4 Nh5 18. h3 Ne7 19. Nh2 g5 20. Qd1 Nf6 21. f4 gxf4 22.
gxf4 Qe6 23. f5 Qd7 24. Kh1 Kh7 25. Re3 Rg8 26. Rg3 Bh8 27. Ng4 Nh5 28. Rgg1 Nf4
29. Rxf4 exf4 30. Bxh8 Kxh8 31. Qa1+ Rg7 32. Qxg7+ Kxg7 33. Ne5+ Ng6 34. Nxd7
Rd8 35. fxg6 fxg6 36. Nxc5 dxc5 37. Nf3 Rxd3 38. Rxg6+ 1-0

[Event "Karpos Open 2013"]
[Site "Skopje MKD"]
[Date "2013.03.13"]
[Round "6.2"]
[White "Lupulescu, Constantin"]
[Black "Safarli, Eltaj"]
[Result "1/2-1/2"]
[WhiteTitle "GM"]
[BlackTitle "GM"]
[WhiteElo "2614"]
[BlackElo "2638"]
[WhiteFideId "1207822"]
[BlackFideId "13402129"]
[EventDate "2013.03.09"]

1. Nf3 Nf6 2. c4 g6 3. Nc3 d5 4. cxd5 Nxd5 5. Qb3 Nb6 6. d4 Bg7 7. e4 Bg4 8.
Bb5+ c6 9. Ng5 O-O 10. Be2 Bxe2 11. Nxe2 c5 12. dxc5 N6d7 13. Qa3 h6 14. Nf3 Nc6
15. O-O b6 16. Be3 Nxc5 17. Rac1 a5 18. Rfd1 Qb8 19. Bxc5 bxc5 20. Qxc5 Rc8 21.
b3 Qb7 22. Qe3 Nb4 23. a4 Rxc1 24. Nxc1 1/2-1/2

[Event "Karpos Open 2013"]
[Site "Skopje MKD"]
[Date "2013.03.13"]
[Round "6.5"]
[White "Ivanisevic, Ivan"]
[Black "Mikhalevski, Victor"]
[Result "1/2-1/2"]
[WhiteTitle "GM"]
[BlackTitle "GM"]
[WhiteElo "2644"]
[BlackElo "2548"]
[WhiteFideId "912417"]
[BlackFideId "2801914"]
[EventDate "2013.03.09"]

1. d4 Nf6 2. c4 g6 3. Nc3 d5 4. Nf3 Bg7 5. Qb3 dxc4 6. Qxc4 O-O 7. Bf4 c6 8. e4
b5 9. Qb3 Be6 10. Qc2 Qa5 11. Bd2 b4 12. Nd1 c5 13. d5 Bg4 14. Be2 e6 15. Ne3
exd5 16. Nxg4 Nxg4 17. O-O Nf6 18. exd5 Qb6 19. Bc4 Nbd7 20. Rad1 Ne8 21. Bb3
Nd6 22. Ba4 Nb5 23. Rfe1 Rfe8 24. d6 a6 25. Bf4 Rxe1+ 26. Rxe1 Nf6 27. Ng5 Nxd6
28. Bxd6 Qxd6 29. Bb3 Rf8 30. Qc4 Qd2 31. Nf3 Qxb2 32. Qxc5 Qc3 33. Qe7 Bh6 34.
Rd1 Bf4 35. g3 Ng4 36. Kg2 Qb2 37. Rd8 Qxf2+ 38. Kh3 Rxd8 39. Bxf7+ Kg7 40. Be6+
Kh6 41. Kxg4 Qb6 42. Qh4+ Kg7 43. Qe7+ Kh6 44. Qh4+ Kg7 45. Qe7+ 1/2-1/2

[Event "Karpos Open 2013"]
[Site "Skopje MKD"]
[Date "2013.03.13"]
[Round "6.7"]
[White "Salgado Lopez, Ivan"]
[Black "Popilski, Gil"]
[Result "1/2-1/2"]
[WhiteTitle "GM"]
[BlackTitle "GM"]
[WhiteElo "2619"]
[BlackElo "2520"]
[WhiteFideId "2257327"]
[BlackFideId "2809060"]
[EventDate "2013.03.09"]

1. e4 e5 2. Nf3 Nc6 3. Bc4 Bc5 4. d3 Nf6 5. O-O d6 6. c3 a6 7. Bb3 Ba7 8. Nbd2
O-O 9. h3 Be6 10. Re1 Re8 11. Nf1 h6 12. Be3 Bxe3 13. Nxe3 d5 14. exd5 Nxd5 15.
Nxd5 Bxd5 16. d4 Bxb3 17. Qxb3 exd4 18. Qxb7 Qf6 19. Qxc7 dxc3 20. bxc3 Rxe1+
21. Rxe1 Qxc3 22. Kh2 Qc4 23. a3 Rd8 24. Rb1 Qe6 25. Rb6 Rc8 26. Qf4 a5 27. Rb7
Re8 28. Rb6 Qd5 29. Rb2 1/2-1/2

[Event "Karpos Open 2013"]
[Site "Skopje MKD"]
[Date "2013.03.13"]
[Round "6.8"]
[White "Nevednichy, Vladislav"]
[Black "Perunovic, Milos"]
[Result "1/2-1/2"]
[WhiteTitle "GM"]
[BlackTitle "GM"]
[WhiteElo "2548"]
[BlackElo "2618"]
[WhiteFideId "1205730"]
[BlackFideId "921629"]
[EventDate "2013.03.09"]

1. c4 c5 2. g3 Nc6 3. Bg2 g6 4. Nf3 Bg7 5. Nc3 e5 6. O-O d6 7. a3 a5 8. Ne1 Be6
9. d3 Nge7 10. Bg5 f6 11. Bd2 O-O 12. Nc2 d5 13. cxd5 Nxd5 14. Ne3 Nde7 15. Nc4
Rb8 16. a4 b6 17. Kh1 f5 18. b3 f4 19. Be4 Qd7 20. Rg1 fxg3 21. fxg3 Nd4 22. Rb1
Bh3 23. Bg2 Rf2 24. Be3 Rxg2 25. Rxg2 Nd5 26. Ne4 Bxg2+ 27. Kxg2 Rf8 28. h3 Qc6
29. Kh2 h5 30. Bxd4 exd4 31. Qh1 h4 32. Rf1 hxg3+ 33. Nxg3 Rxf1 34. Qxf1 Qe6 35.
Qf3 Be5 36. Qe4 Nf4 37. Nxe5 Qxh3+ 38. Kg1 Qxg3+ 39. Kf1 Kg7 40. Nc4 Nh3 41.
Qe7+ Kh6 42. Qf8+ 1/2-1/2